000 00934nam a22003131i 4500
999 _c2033
_d2033
001 020413465
003 UkOxU
005 20230301143534.0
008 150119s2015 enk j 000|f|eng|d
015 _aGBB527878
_2bnb
016 7 _a017093435
_2Uk
020 _a9780007339655 (pbk.) :
035 _a(Uk)017093435
040 _aStDuBDS
_beng
_erda
_cStDuBDS
_dUk
042 _aukblsr
082 0 4 _a823.914 MOR
_223
100 1 _aMorpurgo, Michael,
_eauthor.
245 1 0 _aListen to the moon /
_cMichael Morpurgo.
264 1 _aLondon :
_bHarperCollins Children's Books,
_c2015.
300 _a443 pages ;
_c20 cm
336 _atext
_2rdacontent
337 _aunmediated
_2rdamedia
338 _avolume
_2rdacarrier
500 _aFormerly CIP.
_5Uk
650 0 _aWorld War, 1914-1918
_vJuvenile fiction.
651 0 _aIsles of Scilly (England)
_xHistory
_vJuvenile fiction.
655 0 _aChildren's stories.
942 _2ddc
_cNFIC